| 000 | 00357pab a2200145 454500 | ||
|---|---|---|---|
| 008 | 180718b1983 xxu||||| |||| 00| 0 eng d | ||
| 100 | _aMehta, A.D. | ||
| 245 |
_aInter - bank perceptions _bApplication of discriminant analysis |
||
| 260 | _c1983 | ||
| 300 | _a5 | ||
| 362 | _a13 Jan. | ||
| 650 | _aBanks - India | ||
| 773 | _aEconomic Times | ||
| 909 | _a4328 | ||
| 999 |
_c4328 _d4328 |
||